5 największych jezior Polski - Statystyki

Ogólne statystyki
  • Ten quiz został rozwiązany 37 razy
  • Średni wynik to 3 z 5
Statystyki odpowiedzi
wielkość jezioro % Poprawnych
113, 4 km 2 Śniardwy
100%
102,8 km 2 Mamry
85%
71,4 km 2 Łebsko
61%
54, 0 km 2 Dąbie
42%
35,3 km 2 Miedwie
21%
Nie znaleziono quizów pasujących do podanych kryteriów
Rozkład punktacji
Procent ludzi z każdym wynikiem
Percentyl według liczby udzielonych odpowiedzi
Twoja historia wyników
Nie rozwiązałeś tego quizu